Flags of the Countries that Start with C - Click Quiz - Statistics

General Stats
  • This quiz has been taken 7,621 times
  • The average score is 13 of 16
Answers on the Map
Answers color-coded by a green-red scale on the quiz's map according to % correct below.
 
Answer Stats
Answer % Correct
Canada
96%
China
95%
Cyprus
93%
Cambodia
89%
Colombia
89%
Croatia
89%
Chile
85%
Czech Republic
85%
Cuba
84%
Cote d'Ivoire
82%
Chad
80%
Costa Rica
79%
Cameroon
78%
Central African
Republic
76%
Comoros
74%
Cape Verde
72%
No matching quizzes found
Score Distribution
Percent of People with Each Score
Percentile by Number Answered
Your Score History
You have not taken this quiz